| 000 | 005470000a22001810004500 | ||
|---|---|---|---|
| 003 | MACL | ||
| 005 | 20160405132648.0 | ||
| 008 | 160405b xxu||||| |||| 00| 0 eng d | ||
| 040 |
_aMACL _cMACL |
||
| 041 | _aHindi | ||
| 082 | _a370 | ||
| 100 |
_aडॉ अनिन्दिता बनर्जी _950551 |
||
| 245 | _aबाल विकास | ||
| 260 |
_bग्रामीण पुस्तक सदन _c2010 _aउत्तर प्रदेश |
||
| 350 | _a300 | ||
| 650 |
_aEducation _950552 |
||
| 942 |
_cHIN _k370/BAN _2ddc |
||
| 999 |
_c44996 _d44996 |
||